<?xml version="1.0" encoding="UTF-8"?>
<record
    xmlns:xsi="http://www.w3.org/2001/XMLSchema-instance"
    xsi:schemaLocation="http://www.loc.gov/MARC21/slim http://www.loc.gov/standards/marcxml/schema/MARC21slim.xsd"
    xmlns="http://www.loc.gov/MARC21/slim">

  <leader>06350namaa22004451i 4500</leader>
  <controlfield tag="003">EG-GICUC</controlfield>
  <controlfield tag="005">20260311115236.0</controlfield>
  <controlfield tag="008">260303s2025    ua a|||frm||| 000 0 eng d</controlfield>
  <datafield tag="040" ind1=" " ind2=" ">
    <subfield code="a">EG-GICUC</subfield>
    <subfield code="b">eng</subfield>
    <subfield code="c">EG-GICUC</subfield>
    <subfield code="d">EG-GICUC</subfield>
    <subfield code="e">rda</subfield>
  </datafield>
  <datafield tag="041" ind1="0" ind2=" ">
    <subfield code="a">eng</subfield>
    <subfield code="b">eng</subfield>
    <subfield code="b">ara</subfield>
  </datafield>
  <datafield tag="049" ind1=" " ind2=" ">
    <subfield code="a">Deposit</subfield>
  </datafield>
  <datafield tag="082" ind1="0" ind2="4">
    <subfield code="a">618.920978</subfield>
  </datafield>
  <datafield tag="092" ind1=" " ind2=" ">
    <subfield code="a">618.920978</subfield>
    <subfield code="2">21</subfield>
  </datafield>
  <datafield tag="097" ind1=" " ind2=" ">
    <subfield code="a">M.Sc</subfield>
  </datafield>
  <datafield tag="099" ind1=" " ind2=" ">
    <subfield code="a">Cai01.11.12.M.Sc.2025.Ay.A</subfield>
  </datafield>
  <datafield tag="100" ind1="0" ind2=" ">
    <subfield code="a">Aya Yasser Mohamed Mohamed Ali, </subfield>
    <subfield code="e">preparation.</subfield>
  </datafield>
  <datafield tag="245" ind1="1" ind2="0">
    <subfield code="a">Audiological evaluation of normal hearing  individuals with hearing difficulties /</subfield>
    <subfield code="c">by Aya Yasser Mohamed Mohamed Ali ; Supervision Prof. Dr. Noha Ali Hosni, Dr. Mariam Magdy Medhat, Dr. Sarah Mohamed Ibrahim Sheta. </subfield>
  </datafield>
  <datafield tag="246" ind1="1" ind2="5">
    <subfield code="a">&#x627;&#x644;&#x62A;&#x642;&#x64A;&#x64A;&#x645; &#x627;&#x644;&#x633;&#x645;&#x639;&#x64A; &#x644;&#x644;&#x623;&#x634;&#x62E;&#x627;&#x635; &#x630;&#x648;&#x64A; &#x627;&#x644;&#x633;&#x645;&#x639; &#x627;&#x644;&#x637;&#x628;&#x64A;&#x639;&#x64A; &#x648;&#x627;&#x644;&#x630;&#x64A;&#x646; &#x64A;&#x639;&#x627;&#x646;&#x648;&#x646; &#x645;&#x646; &#x635;&#x639;&#x648;&#x628;&#x629; &#x641;&#x649; &#x627;&#x644;&#x633;&#x645;&#x639; </subfield>
  </datafield>
  <datafield tag="264" ind1=" " ind2="0">
    <subfield code="c">2025.</subfield>
  </datafield>
  <datafield tag="300" ind1=" " ind2=" ">
    <subfield code="a">114 pages :</subfield>
    <subfield code="b">illustrations ; </subfield>
    <subfield code="c">25 cm. + </subfield>
    <subfield code="e">CD.</subfield>
  </datafield>
  <datafield tag="336" ind1=" " ind2=" ">
    <subfield code="a">text</subfield>
    <subfield code="2">rda content</subfield>
  </datafield>
  <datafield tag="337" ind1=" " ind2=" ">
    <subfield code="a">Unmediated</subfield>
    <subfield code="2">rdamedia</subfield>
  </datafield>
  <datafield tag="338" ind1=" " ind2=" ">
    <subfield code="a">volume</subfield>
    <subfield code="2">rdacarrier</subfield>
  </datafield>
  <datafield tag="502" ind1=" " ind2=" ">
    <subfield code="a">Thesis (M.Sc)-Cairo University, 2025.</subfield>
  </datafield>
  <datafield tag="504" ind1=" " ind2=" ">
    <subfield code="a">Bibliography: pages 113- 95. </subfield>
  </datafield>
  <datafield tag="520" ind1=" " ind2="3">
    <subfield code="a">Background: Hearing difficulties (HD) in adults who have normal thresholds on pure tone 
audiometry (PTA) is a common condition with a prevalence of 5%-37% in patients 
complaining of hearing problems in an audiology clinic but also commonly ignored. There 
are many possible causes including hidden hearing loss (HHL) or cochlear synaptopathy, 
which is a perceptual disorder characterized by complaining of hearing difficulties despite 
falling within normal audiometric thresholds, especially in challenging listening conditions 
as noisy environments. 
Objectives: To investigate patients complaining of hearing difficulties despite normal 
audiogram thresholds using SPIN test, ABR and OAEs. To explore whether these tests 
could serve as diagnostic tools for hidden hearing loss. 
Methods: A case control study, each of the study and the control groups comprised 40 
subjects; age and sex matched. Age ranged from 18 to 50 years. Hearing was assessed in 
both groups using PTA, SPIN test, ABR and OAEs. 
Results: SPIN test findings showed a statistically significant difference between the study 
and the control groups. Also, ABR showed a statistically significant differences regarding 
amplitude of wave I and V/I ratio between the study and the control groups in both ears. 
Both ears showed a statistically significant positive correlation between SPIN score and 
ABR wave I amplitude. 
Conclusion: Patients who complain of hearing difficulties with normal audiogram showed 
poorer SPIN test scores, a reduction in ABR wave I amplitude and elevation in V/I ratio in 
the current study. </subfield>
  </datafield>
  <datafield tag="520" ind1=" " ind2="3">
    <subfield code="a">&#x627;&#x644;&#x62E;&#x644;&#x641;&#x64A;&#x629;: &#x635;&#x639;&#x648;&#x628;&#x627;&#x62A; &#x627;&#x644;&#x633;&#x645;&#x639; &#x644;&#x62F;&#x649; &#x627;&#x644;&#x628;&#x627;&#x644;&#x63A;&#x64A;&#x646; &#x627;&#x644;&#x630;&#x64A;&#x646; &#x644;&#x62F;&#x64A;&#x647;&#x645; &#x639;&#x62A;&#x628;&#x627;&#x62A; &#x637;&#x628;&#x64A;&#x639;&#x64A;&#x629; &#x641;&#x64A; &#x627;&#x62E;&#x62A;&#x628;&#x627;&#x631; &#x642;&#x64A;&#x627;&#x633; &#x627;&#x644;&#x633;&#x645;&#x639; &#x627;&#x644;&#x646;&#x642;&#x64A; (PTA) &#x647;&#x64A; &#x62D;&#x627;&#x644;&#x629; &#x634;&#x627;&#x626;&#x639;&#x629;&#x60C; &#x62D;&#x64A;&#x62B; &#x62A;&#x62A;&#x631;&#x627;&#x648;&#x62D; &#x646;&#x633;&#x628;&#x629; &#x627;&#x646;&#x62A;&#x634;&#x627;&#x631;&#x647;&#x627; &#x628;&#x64A;&#x646; 5% &#x648;37% &#x644;&#x62F;&#x649; &#x627;&#x644;&#x645;&#x631;&#x636;&#x649; &#x627;&#x644;&#x630;&#x64A;&#x646; &#x64A;&#x634;&#x643;&#x648;&#x646; &#x645;&#x646; &#x645;&#x634;&#x627;&#x643;&#x644; &#x641;&#x64A; &#x627;&#x644;&#x633;&#x645;&#x639; &#x641;&#x64A; &#x639;&#x64A;&#x627;&#x62F;&#x629; &#x627;&#x644;&#x633;&#x645;&#x639;&#x60C; &#x648;&#x644;&#x643;&#x646;&#x647;&#x627; &#x63A;&#x627;&#x644;&#x628;&#x64B;&#x627; &#x645;&#x627; &#x62A;&#x64F;&#x647;&#x645;&#x644;. &#x647;&#x646;&#x627;&#x643; &#x627;&#x644;&#x639;&#x62F;&#x64A;&#x62F; &#x645;&#x646; &#x627;&#x644;&#x623;&#x633;&#x628;&#x627;&#x628; &#x627;&#x644;&#x645;&#x62D;&#x62A;&#x645;&#x644;&#x629;&#x60C; &#x628;&#x645;&#x627; &#x641;&#x64A; &#x630;&#x644;&#x643; &#x641;&#x642;&#x62F;&#x627;&#x646; &#x627;&#x644;&#x633;&#x645;&#x639; &#x627;&#x644;&#x62E;&#x641;&#x64A; &#x623;&#x648; &#x627;&#x639;&#x62A;&#x644;&#x627;&#x644; &#x627;&#x644;&#x645;&#x634;&#x627;&#x628;&#x643; &#x627;&#x644;&#x642;&#x648;&#x642;&#x639;&#x64A;&#x629;&#x60C; &#x648;&#x647;&#x648; &#x627;&#x636;&#x637;&#x631;&#x627;&#x628; &#x625;&#x62F;&#x631;&#x627;&#x643;&#x64A; &#x64A;&#x62A;&#x645;&#x64A;&#x632; &#x628;&#x627;&#x644;&#x634;&#x643;&#x648;&#x649; &#x645;&#x646; &#x635;&#x639;&#x648;&#x628;&#x627;&#x62A; &#x641;&#x64A; &#x627;&#x644;&#x633;&#x645;&#x639; &#x639;&#x644;&#x649; &#x627;&#x644;&#x631;&#x63A;&#x645; &#x645;&#x646; &#x623;&#x646; &#x639;&#x62A;&#x628;&#x627;&#x62A; &#x642;&#x64A;&#x627;&#x633; &#x627;&#x644;&#x633;&#x645;&#x639; &#x644;&#x62F;&#x64A;&#x647;&#x645; &#x637;&#x628;&#x64A;&#x639;&#x64A;&#x629;&#x60C; &#x62E;&#x627;&#x635;&#x629; &#x641;&#x64A; &#x638;&#x631;&#x648;&#x641; &#x627;&#x644;&#x627;&#x633;&#x62A;&#x645;&#x627;&#x639; &#x627;&#x644;&#x635;&#x639;&#x628;&#x629;&#x60C; &#x645;&#x62B;&#x644; &#x627;&#x644;&#x628;&#x64A;&#x626;&#x627;&#x62A; &#x627;&#x644;&#x635;&#x627;&#x62E;&#x628;&#x629;.
&#x627;&#x644;&#x623;&#x647;&#x62F;&#x627;&#x641;: &#x62F;&#x631;&#x627;&#x633;&#x629; &#x627;&#x644;&#x645;&#x631;&#x636;&#x649; &#x627;&#x644;&#x630;&#x64A;&#x646; &#x64A;&#x634;&#x643;&#x648;&#x646; &#x645;&#x646; &#x635;&#x639;&#x648;&#x628;&#x627;&#x62A; &#x641;&#x64A; &#x627;&#x644;&#x633;&#x645;&#x639; &#x639;&#x644;&#x649; &#x627;&#x644;&#x631;&#x63A;&#x645; &#x645;&#x646; &#x623;&#x646; &#x639;&#x62A;&#x628;&#x627;&#x62A; &#x62A;&#x62E;&#x637;&#x64A;&#x637; &#x627;&#x644;&#x633;&#x645;&#x639; &#x644;&#x62F;&#x64A;&#x647;&#x645; &#x637;&#x628;&#x64A;&#x639;&#x64A;&#x629;&#x60C; &#x628;&#x627;&#x633;&#x62A;&#x62E;&#x62F;&#x627;&#x645; &#x627;&#x62E;&#x62A;&#x628;&#x627;&#x631; SPIN&#x60C; &#x648;&#x627;&#x62E;&#x62A;&#x628;&#x627;&#x631; &#x627;&#x633;&#x62A;&#x62C;&#x627;&#x628;&#x629; &#x62C;&#x630;&#x639; &#x627;&#x644;&#x62F;&#x645;&#x627;&#x63A; &#x627;&#x644;&#x633;&#x645;&#x639;&#x64A;&#x629; (ABR)&#x60C; &#x648;&#x627;&#x62E;&#x62A;&#x628;&#x627;&#x631; &#x627;&#x644;&#x627;&#x646;&#x628;&#x639;&#x627;&#x62B;&#x627;&#x62A; &#x627;&#x644;&#x635;&#x648;&#x62A;&#x64A;&#x629; &#x627;&#x644;&#x623;&#x630;&#x646;&#x64A;&#x629; (OAEs). &#x627;&#x633;&#x62A;&#x643;&#x634;&#x627;&#x641; &#x645;&#x627; &#x625;&#x630;&#x627; &#x643;&#x627;&#x646;&#x62A; &#x647;&#x630;&#x647; &#x627;&#x644;&#x627;&#x62E;&#x62A;&#x628;&#x627;&#x631;&#x627;&#x62A; &#x64A;&#x645;&#x643;&#x646; &#x623;&#x646; &#x62A;&#x64F;&#x633;&#x62A;&#x62E;&#x62F;&#x645; &#x643;&#x623;&#x62F;&#x648;&#x627;&#x62A; &#x62A;&#x634;&#x62E;&#x64A;&#x635;&#x64A;&#x629; &#x644;&#x641;&#x642;&#x62F;&#x627;&#x646; &#x627;&#x644;&#x633;&#x645;&#x639; &#x627;&#x644;&#x62E;&#x641;&#x64A;.

&#x627;&#x644;&#x645;&#x646;&#x647;&#x62C;&#x64A;&#x629;: &#x62F;&#x631;&#x627;&#x633;&#x629; &#x62D;&#x627;&#x644;&#x629; &#x648;&#x636;&#x627;&#x628;&#x637;&#x629;&#x60C; &#x636;&#x645;&#x62A; &#x643;&#x644; &#x645;&#x646; &#x645;&#x62C;&#x645;&#x648;&#x639;&#x629; &#x627;&#x644;&#x62F;&#x631;&#x627;&#x633;&#x629; &#x648;&#x627;&#x644;&#x645;&#x62C;&#x645;&#x648;&#x639;&#x629; &#x627;&#x644;&#x636;&#x627;&#x628;&#x637;&#x629; 40 &#x634;&#x62E;&#x635;&#x64B;&#x627;&#x60C; &#x645;&#x62A;&#x637;&#x627;&#x628;&#x642;&#x64A;&#x646; &#x641;&#x64A; &#x627;&#x644;&#x639;&#x645;&#x631; &#x648;&#x627;&#x644;&#x62C;&#x646;&#x633;. &#x62A;&#x631;&#x627;&#x648;&#x62D;&#x62A; &#x623;&#x639;&#x645;&#x627;&#x631;&#x647;&#x645; &#x628;&#x64A;&#x646; 18 &#x648;50 &#x639;&#x627;&#x645;&#x64B;&#x627;. &#x62A;&#x645; &#x62A;&#x642;&#x64A;&#x64A;&#x645; &#x627;&#x644;&#x633;&#x645;&#x639; &#x641;&#x64A; &#x627;&#x644;&#x645;&#x62C;&#x645;&#x648;&#x639;&#x62A;&#x64A;&#x646; &#x628;&#x627;&#x633;&#x62A;&#x62E;&#x62F;&#x627;&#x645; &#x627;&#x62E;&#x62A;&#x628;&#x627;&#x631; &#x642;&#x64A;&#x627;&#x633; &#x627;&#x644;&#x633;&#x645;&#x639; &#x627;&#x644;&#x646;&#x642;&#x64A; (PTA)&#x60C; &#x648;&#x627;&#x62E;&#x62A;&#x628;&#x627;&#x631; SPIN&#x60C; &#x648;&#x627;&#x62E;&#x62A;&#x628;&#x627;&#x631; &#x627;&#x633;&#x62A;&#x62C;&#x627;&#x628;&#x629; &#x62C;&#x630;&#x639; &#x627;&#x644;&#x62F;&#x645;&#x627;&#x63A; &#x627;&#x644;&#x633;&#x645;&#x639;&#x64A;&#x629; (ABR)&#x60C; &#x648;&#x627;&#x62E;&#x62A;&#x628;&#x627;&#x631; &#x627;&#x644;&#x627;&#x646;&#x628;&#x639;&#x627;&#x62B;&#x627;&#x62A; &#x627;&#x644;&#x635;&#x648;&#x62A;&#x64A;&#x629; &#x627;&#x644;&#x623;&#x630;&#x646;&#x64A;&#x629; (OAEs).
&#x627;&#x644;&#x646;&#x62A;&#x627;&#x626;&#x62C;: &#x623;&#x638;&#x647;&#x631;&#x62A; &#x646;&#x62A;&#x627;&#x626;&#x62C; &#x627;&#x62E;&#x62A;&#x628;&#x627;&#x631; SPIN &#x641;&#x631;&#x642;&#x64B;&#x627; &#x630;&#x627; &#x62F;&#x644;&#x627;&#x644;&#x629; &#x625;&#x62D;&#x635;&#x627;&#x626;&#x64A;&#x629; &#x628;&#x64A;&#x646; &#x645;&#x62C;&#x645;&#x648;&#x639;&#x629; &#x627;&#x644;&#x62F;&#x631;&#x627;&#x633;&#x629; &#x648;&#x645;&#x62C;&#x645;&#x648;&#x639;&#x629; &#x627;&#x644;&#x636;&#x628;&#x637;. &#x643;&#x645;&#x627; &#x623;&#x638;&#x647;&#x631; &#x627;&#x62E;&#x62A;&#x628;&#x627;&#x631; ABR &#x641;&#x631;&#x648;&#x642;&#x64B;&#x627; &#x630;&#x627;&#x62A; &#x62F;&#x644;&#x627;&#x644;&#x629; &#x625;&#x62D;&#x635;&#x627;&#x626;&#x64A;&#x629; &#x641;&#x64A;&#x645;&#x627; &#x64A;&#x62A;&#x639;&#x644;&#x642; &#x628;&#x633;&#x639;&#x629; &#x627;&#x644;&#x645;&#x648;&#x62C;&#x629; &#x627;&#x644;&#x623;&#x648;&#x644;&#x649; &#x648;&#x646;&#x633;&#x628;&#x629; V/I &#x628;&#x64A;&#x646; &#x645;&#x62C;&#x645;&#x648;&#x639;&#x629; &#x627;&#x644;&#x62F;&#x631;&#x627;&#x633;&#x629; &#x648;&#x645;&#x62C;&#x645;&#x648;&#x639;&#x629; &#x627;&#x644;&#x636;&#x628;&#x637; &#x641;&#x64A; &#x643;&#x644;&#x62A;&#x627; &#x627;&#x644;&#x623;&#x630;&#x646;&#x64A;&#x646;.
&#x623;&#x638;&#x647;&#x631;&#x62A; &#x643;&#x644;&#x62A;&#x627; &#x627;&#x644;&#x623;&#x630;&#x646;&#x64A;&#x646; &#x627;&#x631;&#x62A;&#x628;&#x627;&#x637;&#x64B;&#x627; &#x625;&#x64A;&#x62C;&#x627;&#x628;&#x64A;&#x64B;&#x627; &#x630;&#x627; &#x62F;&#x644;&#x627;&#x644;&#x629; &#x625;&#x62D;&#x635;&#x627;&#x626;&#x64A;&#x629; &#x628;&#x64A;&#x646; &#x62F;&#x631;&#x62C;&#x629; &#x627;&#x62E;&#x62A;&#x628;&#x627;&#x631; SPIN &#x648;&#x633;&#x639;&#x629; &#x627;&#x644;&#x645;&#x648;&#x62C;&#x629; &#x627;&#x644;&#x623;&#x648;&#x644;&#x649; &#x641;&#x64A; &#x627;&#x62E;&#x62A;&#x628;&#x627;&#x631; ABR.
&#x627;&#x644;&#x62E;&#x644;&#x627;&#x635;&#x629;: &#x623;&#x638;&#x647;&#x631; &#x627;&#x644;&#x645;&#x631;&#x636;&#x649; &#x627;&#x644;&#x630;&#x64A;&#x646; &#x64A;&#x634;&#x643;&#x648;&#x646; &#x645;&#x646; &#x635;&#x639;&#x648;&#x628;&#x627;&#x62A; &#x641;&#x64A; &#x627;&#x644;&#x633;&#x645;&#x639; &#x645;&#x639; &#x62A;&#x62E;&#x637;&#x64A;&#x637; &#x633;&#x645;&#x639; &#x637;&#x628;&#x64A;&#x639;&#x64A; &#x62F;&#x631;&#x62C;&#x627;&#x62A; &#x623;&#x642;&#x644; &#x641;&#x64A; &#x627;&#x62E;&#x62A;&#x628;&#x627;&#x631; SPIN&#x60C; &#x648;&#x627;&#x646;&#x62E;&#x641;&#x627;&#x636;&#x64B;&#x627; &#x641;&#x64A; &#x633;&#x639;&#x629; &#x627;&#x644;&#x645;&#x648;&#x62C;&#x629; &#x627;&#x644;&#x623;&#x648;&#x644;&#x649; &#x641;&#x64A; &#x627;&#x62E;&#x62A;&#x628;&#x627;&#x631; ABR&#x60C; &#x648;&#x627;&#x631;&#x62A;&#x641;&#x627;&#x639;&#x64B;&#x627; &#x641;&#x64A; &#x646;&#x633;&#x628;&#x629; V/I &#x641;&#x64A; &#x647;&#x630;&#x647; &#x627;&#x644;&#x62F;&#x631;&#x627;&#x633;&#x629;.</subfield>
  </datafield>
  <datafield tag="530" ind1=" " ind2=" ">
    <subfield code="a">Issues also as CD.</subfield>
  </datafield>
  <datafield tag="546" ind1=" " ind2=" ">
    <subfield code="a">Text in English and abstract in Arabic &amp; English.</subfield>
  </datafield>
  <datafield tag="650" ind1=" " ind2="0">
    <subfield code="a">Hearing disorders </subfield>
  </datafield>
  <datafield tag="650" ind1=" " ind2="0">
    <subfield code="a">&#x627;&#x636;&#x637;&#x631;&#x627;&#x628;&#x627;&#x62A; &#x627;&#x644;&#x633;&#x645;&#x639;</subfield>
  </datafield>
  <datafield tag="653" ind1=" " ind2="1">
    <subfield code="a">Hearing difficulties (HD) </subfield>
    <subfield code="a">Hidden hearing loss (HHL) </subfield>
    <subfield code="a">cochlear  synaptopathy</subfield>
    <subfield code="a">SPIN test </subfield>
    <subfield code="a">ABR </subfield>
    <subfield code="a">OAEs</subfield>
  </datafield>
  <datafield tag="700" ind1="0" ind2=" ">
    <subfield code="a">Noha Ali Hosni</subfield>
    <subfield code="e">thesis advisor.</subfield>
  </datafield>
  <datafield tag="700" ind1="0" ind2=" ">
    <subfield code="a">Mariam Magdy Medhat</subfield>
    <subfield code="e">thesis advisor.</subfield>
  </datafield>
  <datafield tag="700" ind1="0" ind2=" ">
    <subfield code="a">Sarah Mohamed Ibrahim Sheta</subfield>
    <subfield code="e">thesis advisor.</subfield>
  </datafield>
  <datafield tag="900" ind1=" " ind2=" ">
    <subfield code="b">01-01-2025</subfield>
    <subfield code="c">Noha Ali Hosni</subfield>
    <subfield code="c">Mariam Magdy Medhat</subfield>
    <subfield code="c">Sarah Mohamed Ibrahim Sheta</subfield>
    <subfield code="U">Cairo University</subfield>
    <subfield code="F">Faculty of Medicine</subfield>
    <subfield code="D">Department of Audio-Vestibular  Medicine </subfield>
  </datafield>
  <datafield tag="905" ind1=" " ind2=" ">
    <subfield code="a">Shimaa</subfield>
    <subfield code="e">Eman Ghareb</subfield>
  </datafield>
  <datafield tag="942" ind1=" " ind2=" ">
    <subfield code="2">ddc</subfield>
    <subfield code="c">TH</subfield>
    <subfield code="e">21</subfield>
    <subfield code="n">0</subfield>
  </datafield>
  <datafield tag="999" ind1=" " ind2=" ">
    <subfield code="c">178852</subfield>
  </datafield>
  <datafield tag="952" ind1=" " ind2=" ">
    <subfield code="2">ddc</subfield>
    <subfield code="9">315502</subfield>
    <subfield code="a">CUCL</subfield>
    <subfield code="b">cl210</subfield>
    <subfield code="d">2026-03-03</subfield>
    <subfield code="i">93481</subfield>
    <subfield code="o">Cai01.11.12.M.Sc.2025.Ay.A</subfield>
    <subfield code="p">01010110093481000</subfield>
    <subfield code="r">2026-03-03 20:52:45</subfield>
    <subfield code="w">2026-03-03</subfield>
    <subfield code="y">TH</subfield>
  </datafield>
</record>
